| 000 | 00475nam a22001690 4500 | ||
|---|---|---|---|
| 001 | ocn0538891084 | ||
| 003 | PILC | ||
| 005 | 20151203133448.0 | ||
| 008 | 001115s1999 eng | ||
| 020 | _a9781121642492 | ||
| 050 |
_aTS 155 _b.P964 2012 |
||
| 245 | 1 | 0 | _aProduction and operations management / |
| 260 |
_bMcGraw-Hill Education, _c2012. |
||
| 300 |
_aiii, 774 pages : _billustrations ; _c29 cm. |
||
| 650 | _aProduction management. | ||
| 942 |
_2lcc _cBK _kFOR |
||
| 999 |
_c289005 _d289005 |
||